000 00935cam a2200217 4500
999 _c116267
_d116267
005 20190618120406.0
008 190618t 2003sp ||||| |||| 00| 0 spa d
020 _a8497722345
050 0 4 _aJC571
_bC83 2003
100 _aBarba Martinez, Gregorio Peces
245 0 0 _aLa dignidad de la persona desde la filosofía del derecho /
_cGregorio Peces Barba Martínez,
250 _a2a ed.
260 _aMadrid, España:
_bDykinson,
_c2003
300 _a82. ;
_c21 cm.
440 _a(Cuadernos "Bartolomé de las Casas" ;
_vNo. 26)
500 _a1 ejemplar
504 _aIncluye bibliografias e índice
505 _a461942-2002
600 1 4 _aCasas, Bartolomé de las,
_d[1474-1566]
650 4 _aDerechos humanos
942 _2lcc
_cLIB